[Event "Junior Online 4NCL Division 4"]
[Site "online"]
[Date "2020.10.29"]
[Round "6.142"]
[White "Patel, Kamran"]
[Black "Perl, Joseph"]
[Result "0-1"]
[WhiteElo "1037"]
[BlackElo "1165"]
[PlyCount "78"]
[EventDate "2020.10.29"]
[WhiteTeam "May The Fork Be With You 7"]
[BlackTeam "Barnet Knights E"]

1. d4 Nf6 2. Bf4 g6 3. Nf3 Bg7 4. e3 Nd5 5. Bg5 f6 6. Bh4 O-O 7. Bc4 e6 8. h3
Nb6 9. Bd3 Nc6 10. c3 Qe8 11. O-O e5 12. Bg3 d6 13. Qb3+ Be6 14. Qc2 Bd5 15.
Qd1 e4 16. Bc2 exf3 17. gxf3 f5 18. b3 g5 19. Kh2 f4 20. exf4 gxf4 21. Bh4 Qh5
22. Rg1 Qxh4 23. Rg2 Rf6 24. Qg1 Rg6 25. Bxg6 hxg6 26. Rxg6 Kf8 27. Rxg7 Re8
28. Rg4 Qe7 29. Rxf4+ Bf7 30. Na3 Nd5 31. Rf5 Qe6 32. Qg5 Nce7 33. Nb5 Qxf5 34.
Qxf5 Nxf5 35. Nxa7 Re2 36. c4 Nf4 37. Nb5 Rxf2+ 38. Kg1 Rg2+ 39. Kh1 Ng3# 0-1

[Event "Junior Online 4NCL Division 4"]
[Site "online"]
[Date "2020.10.29"]
[Round "6.143"]
[White "Rowland, Benjamin"]
[Black "Illingworth-Law, Oscar"]
[Result "1-0"]
[WhiteElo "1142"]
[BlackElo "1037"]
[PlyCount "127"]
[EventDate "2020.10.29"]
[WhiteTeam "Barnet Knights E"]
[BlackTeam "May The Fork Be With You 7"]

1. Nf3 d5 2. c4 Nf6 3. cxd5 Nxd5 4. e4 Nf6 5. d4 Nxe4 6. Bc4 Nf6 7. O-O Bg4 8.
Be3 e6 9. h3 Bh5 10. Be2 Be7 11. Qb3 O-O 12. Qxb7 Nbd7 13. Qb3 Rb8 14. Qc3 Ne4
15. Qc2 Bg6 16. Bd3 Ndf6 17. Nfd2 Nxd2 18. Nxd2 Bxd3 19. Qxd3 Rxb2 20. Nc4 Rb7
21. Na5 Rb8 22. Nc6 Qd5 23. Nxb8 Rxb8 24. Rfb1 Rxb1+ 25. Qxb1 Bd6 26. Qb8+ Bf8
27. Qxa7 Bd6 28. Qb8+ Bf8 29. Qxc7 Bd6 30. Qd8+ Bf8 31. Qxd5 exd5 32. Bg5 Bb4
33. Bxf6 gxf6 34. a4 Bd6 35. a5 Bb8 36. a6 Ba7 37. Rd1 Kf8 38. f4 Ke8 39. Kf2
Kd7 40. g4 Kc7 41. Ke3 Kb6 42. Ra1 Kb5 43. g5 fxg5 44. fxg5 Kc6 45. Kf4 Kd6 46.
Kf5 Ke7 47. h4 Kf8 48. Ke5 Kg7 49. Kxd5 h6 50. gxh6+ Kxh6 51. Ke5 Kg6 52. d5
f6+ 53. Kf4 f5 54. d6 Bd4 55. Ra5 Kf6 56. d7 Ke7 57. Rd5 Bb6 58. a7 Bxa7 59.
d8=Q+ Ke6 60. Re5+ Kf7 61. Qc7+ Kf6 62. Qd6+ Kg7 63. Re7+ Kf8 64. Qd8# 1-0

[Event "Junior Online 4NCL Division 4"]
[Site "online"]
[Date "2020.10.29"]
[Round "6.144"]
[White "Patel, Isabella"]
[Black "Scheffel, Charlie"]
[Result "0-1"]
[WhiteElo "1075"]
[BlackElo "1097"]
[PlyCount "78"]
[EventDate "2020.10.29"]
[WhiteTeam "May The Fork Be With You 7"]
[BlackTeam "Barnet Knights E"]

1. d4 Nf6 2. Bf4 g6 3. e3 Bg7 4. Nf3 d6 5. Bd3 Nbd7 6. c3 O-O 7. O-O Nh5 8. Bg5
h6 9. Bf4 e5 10. dxe5 dxe5 11. Bg3 f5 12. e4 f4 13. Bh4 g5 14. Bc4+ Kh7 15. Qd3
gxh4 16. Nbd2 Nc5 17. Qc2 b6 18. Rfe1 Ne6 19. Qb3 Ng5 20. Nxg5+ Qxg5 21. Nf3
Qe7 22. g3 hxg3 23. hxg3 fxg3 24. fxg3 Nxg3 25. Rf1 Qc5+ 26. Kg2 Nxf1 27. Rxf1
Bg4 28. Nd2 Rxf1 29. Nxf1 Rf8 30. Kg3 Bh5 31. Nd2 Qf2+ 32. Kh3 Qxd2 33. Kh4
Qg5+ 34. Kh3 Rf3+ 35. Kh2 Qg3+ 36. Kh1 Rf1+ 37. Bxf1 Bf3+ 38. Bg2 Qh3+ 39. Kg1
Qxg2# 0-1

[Event "Junior Online 4NCL Division 4"]
[Site "online"]
[Date "2020.10.29"]
[Round "6.146"]
[White "Perl, Joseph"]
[Black "Patel, Kamran"]
[Result "1-0"]
[WhiteElo "1165"]
[BlackElo "1037"]
[PlyCount "127"]
[EventDate "2020.10.29"]
[WhiteTeam "Barnet Knights E"]
[BlackTeam "May The Fork Be With You 7"]

1. Nf3 d5 2. g3 Bf5 3. Bg2 e6 4. d3 Nc6 5. Nbd2 Bb4 6. e4 dxe4 7. dxe4 Bxe4 8.
c3 Bxf3 9. Bxf3 Bc5 10. b4 Bb6 11. b5 Ne5 12. Bxb7 Rb8 13. Be4 Nf6 14. O-O Nxe4
15. Nxe4 O-O 16. Qxd8 Rbxd8 17. Ba3 Rfe8 18. Rfd1 Rxd1+ 19. Rxd1 Ng4 20. Be7 f5
21. Ng5 Nxf2 22. Rd7 Nh3+ 23. Kg2 Nxg5 24. Bxg5 h6 25. Bf4 Rc8 26. Re7 g5 27.
Be5 g4 28. Rxe6 Rd8 29. Bf4 h5 30. Rh6 Rd3 31. Rxh5 Rxc3 32. Rg5+ Kf7 33. Rxf5+
Ke6 34. Rg5 Rc2+ 35. Kh1 Rf2 36. Rxg4 Kf5 37. Rg5+ Ke6 38. Be5 Re2 39. Bc3 Kd6
40. h4 c6 41. bxc6 Kxc6 42. h5 Bc7 43. h6 Re7 44. Rg7 Re8 45. Rg6+ Kb7 46. h7
a5 47. h8=Q Rxh8+ 48. Bxh8 a4 49. g4 Bd6 50. Rxd6 a3 51. g5 Kc7 52. Ra6 Kb7 53.
Rxa3 Kc7 54. g6 Kd7 55. g7 Kd6 56. g8=Q Kc5 57. Qc8+ Kd5 58. Rd3+ Ke4 59. Qc4+
Kf5 60. Rd5+ Ke6 61. Qc6+ Ke7 62. Qd7+ Kf8 63. Rf5+ Kg8 64. Qg7# 1-0

[Event "Junior Online 4NCL Division 4"]
[Site "online"]
[Date "2020.10.29"]
[Round "6.147"]
[White "Illingworth-Law, Oscar"]
[Black "Rowland, Benjamin"]
[Result "0-1"]
[WhiteElo "1037"]
[BlackElo "1142"]
[PlyCount "71"]
[EventDate "2020.10.29"]
[WhiteTeam "May The Fork Be With You 7"]
[BlackTeam "Barnet Knights E"]

1. e4 d6 2. d4 Nf6 3. Nc3 g6 4. Nf3 Bg7 5. Be2 O-O 6. O-O c5 7. d5 a6 8. Be3 b5
9. Qd2 b4 10. Nd1 Nxe4 11. Qd3 Nf6 12. c3 bxc3 13. bxc3 Bb7 14. Rb1 Bxd5 15.
Rb7 Bxb7 16. Nb2 e5 17. Nc4 Ne8 18. Rb1 Bc6 19. Nb6 Ra7 20. Nc4 e4 21. Qd2 exf3
22. Bxf3 Bxf3 23. gxf3 Qc7 24. Qd5 Qc6 25. Qg5 Qxf3 26. Rxb8 Qd1+ 27. Kg2 Bxc3
28. Qh6 Bg7 29. Qg5 Nf6 30. Rxf8+ Kxf8 31. Bf4 Qd5+ 32. Qxd5 Nxd5 33. Bxd6+ Ne7
34. Bxc5 Rc7 35. Na5 Rxc5 36. Nb7 0-1

[Event "Junior Online 4NCL Division 4"]
[Site "online"]
[Date "2020.10.29"]
[Round "6.148"]
[White "Scheffel, Charlie"]
[Black "Patel, Isabella"]
[Result "1-0"]
[WhiteElo "1097"]
[BlackElo "1075"]
[PlyCount "67"]
[EventDate "2020.10.29"]
[WhiteTeam "Barnet Knights E"]
[BlackTeam "May The Fork Be With You 7"]

1. e4 e5 2. Nf3 Nc6 3. Bc4 Be7 4. O-O Nf6 5. Nc3 O-O 6. d4 d6 7. dxe5 Nxe5 8.
Nxe5 dxe5 9. Be3 Bd7 10. Qd3 Ng4 11. Rad1 Nxe3 12. fxe3 Bc5 13. Qxd7 Bxe3+ 14.
Kh1 Qh4 15. Rxf7 Rxf7 16. Qxf7+ Kh8 17. Rd7 Qe1+ 18. Bf1 Bh6 19. Rd1 Qh4 20.
Qxc7 Bf4 21. h3 h5 22. Rd3 Rf8 23. Rf3 Qe1 24. g3 Bxg3 25. Rxf8+ Kh7 26. Rf7
Kh6 27. Qd6+ Kg5 28. Qe7+ Kh6 29. Qe6+ Kh7 30. Rf5 g6 31. Qf7+ Kh6 32. Rf6 Kg5
33. Rxg6+ Kh4 34. Qf6# 1-0

[Event "Junior Online 4NCL Division 4"]
[Site "online"]
[Date "2020.10.29"]
[Round "6.151"]
[White "Burnton, Joshua"]
[Black "Kammin, Samuel"]
[Result "0-1"]
[WhiteElo "1202"]
[BlackElo "1697"]
[PlyCount "148"]
[EventDate "2020.10.29"]
[WhiteTeam "Muswell Hill Knights"]
[BlackTeam "Farnham Fantasticos"]

1. e4 c5 2. c3 d5 3. exd5 Qxd5 4. Nf3 Nf6 5. d4 Bg4 6. Be2 e6 7. h3 Bh5 8. c4
Qd7 9. Be3 cxd4 10. Bxd4 Bb4+ 11. Bc3 Qe7 12. Ne5 Bxe2 13. Qxe2 Nbd7 14. a3
Nxe5 15. Qxe5 Bd6 16. Qb5+ Qd7 17. Qxd7+ Nxd7 18. O-O O-O 19. Rd1 Ne5 20. Rxd6
Nxc4 21. Rd4 Rac8 22. Nd2 Nb6 23. Rg4 f6 24. Re1 e5 25. Ne4 f5 26. Bb4 fxg4 27.
Bxf8 Kxf8 28. hxg4 Nc4 29. Rc1 Ke7 30. Nd2 Nd6 31. Rxc8 Nxc8 32. Ne4 Nd6 33.
Nc3 Nc4 34. Nd5+ Kd6 35. Nc3 a6 36. Nd1 Kc5 37. Kf1 Kd4 38. Ke2 Ke4 39. g3 b5
40. f3+ Kd4 41. g5 Nd6 42. Ne3 g6 43. g4 Nf7 44. Nd1 Nxg5 45. Nf2 Kc4 46. Nd3
e4 47. fxe4 Nxe4 48. Nc1 Nc5 49. Kd1 Nd3 50. b3+ Kc3 51. Ne2+ Kxb3 52. Kd2 Ne5
53. g5 Nf3+ 54. Kd3 Nxg5 55. Kd2 h5 56. Nf4 Ne4+ 57. Ke3 Nc5 58. Nxg6 Kxa3 59.
Ne5 b4 60. Nc4+ Kb3 61. Nd2+ Kc2 62. Nc4 b3 63. Kf4 Nd3+ 64. Kg5 Nb2 65. Na3+
Kd1 66. Kxh5 Nd3 67. Kg5 b2 68. Kf5 Kc1 69. Ke4 Nb4 70. Kd4 Nc2+ 71. Kc3 Nxa3
72. Kb3 b1=Q+ 73. Kxa3 a5 74. Ka4 Qb4# 0-1

[Event "Junior Online 4NCL Division 4"]
[Site "online"]
[Date "2020.10.29"]
[Round "6.152"]
[White "Warren, Orla"]
[Black "Dayle, Cosmo"]
[Result "0-1"]
[WhiteElo "1247"]
[BlackElo "1000"]
[PlyCount "78"]
[EventDate "2020.10.29"]
[WhiteTeam "Farnham Fantasticos"]
[BlackTeam "Muswell Hill Knights"]

1. d4 d5 2. Bf4 Nf6 3. e3 e6 4. Bd3 c5 5. c3 c4 6. Bc2 Be7 7. Nf3 Nc6 8. Nbd2
O-O 9. Ne5 Nxe5 10. dxe5 Ne4 11. Nxe4 dxe4 12. Bxe4 Qxd1+ 13. Rxd1 f5 14. Bc2
g5 15. Bxg5 Bxg5 16. f4 Bh4+ 17. g3 Be7 18. e4 fxe4 19. Bxe4 Rb8 20. h4 Bd7 21.
Rf1 Be8 22. Rd2 Bh5 23. Rg2 Bg4 24. Bf3 Bh3 25. Rh2 Bxf1 26. Kxf1 Rf7 27. g4
Rxf4 28. Kf2 Rbf8 29. Rh3 Rxg4 30. Ke3 Rxh4 31. Rg3+ Kh8 32. Be4 Bc5+ 33. Kd2
Rxe4 34. Kc2 Rf2+ 35. Kd1 Rh4 36. Ke1 Rxb2 37. Rg1 Bxg1 38. Kf1 Bc5 39. Ke1
Rh1# 0-1

[Event "Junior Online 4NCL Division 4"]
[Site "online"]
[Date "2020.10.29"]
[Round "6.153"]
[White "Qiu, Calvin"]
[Black "Warnock, Oliver"]
[Result "1-0"]
[WhiteElo "932"]
[BlackElo "1255"]
[PlyCount "45"]
[EventDate "2020.10.29"]
[WhiteTeam "Muswell Hill Knights"]
[BlackTeam "Farnham Fantasticos"]

1. e4 c5 2. Nc3 g6 3. Nf3 Nc6 4. d4 cxd4 5. Nxd4 Nxd4 6. Qxd4 Bg7 7. Qxg7 d6 8.
Qxh8 Kf8 9. Bh6+ Ke8 10. Qxg8+ Kd7 11. Qxf7 Qb6 12. Bb5+ Kd8 13. Qf8+ Kc7 14.
Nd5+ Kb8 15. Nxb6 axb6 16. Qxe7 Ra5 17. Qxd6+ Ka7 18. Bf4 Rxb5 19. Qb8+ Ka6 20.
Qxc8 Ka5 21. Bd2+ Ka4 22. Qc4+ Rb4 23. Qxb4# 1-0

[Event "Junior Online 4NCL Division 4"]
[Site "online"]
[Date "2020.10.29"]
[Round "6.154"]
[White "Cwajna, Harrison"]
[Black "Sawyer, Charlie"]
[Result "1-0"]
[WhiteElo "977"]
[BlackElo "925"]
[PlyCount "77"]
[EventDate "2020.10.29"]
[WhiteTeam "Farnham Fantasticos"]
[BlackTeam "Muswell Hill Knights"]

1. d4 d5 2. c4 dxc4 3. Nc3 Nf6 4. e4 Nc6 5. Bxc4 e5 6. d5 Nd4 7. Nf3 Bd6 8. O-O
Qe7 9. b3 Bb4 10. Qd3 Bxc3 11. Qxc3 Ne2+ 12. Bxe2 Nxe4 13. Qxe5 Bg4 14. Qxe7+
Kxe7 15. h3 Bxf3 16. Bxf3 Nc5 17. Ba3 b6 18. d6+ Kxd6 19. Bxa8 Rxa8 20. Rad1+
Kc6 21. Bxc5 Kxc5 22. Rc1+ Kd6 23. Rfd1+ Ke7 24. Rxc7+ Kf6 25. Rcd7 g5 26. Rd8
h5 27. Rxa8 g4 28. hxg4 hxg4 29. Re8 Kf5 30. g3 Kg5 31. Rd7 f6 32. Rxa7 f5 33.
f4+ Kf6 34. Rb7 Kg6 35. Rxb6+ Kf7 36. Ree6 Kg7 37. Rec6 Kf7 38. Rc7+ Ke8 39.
Rb8# 1-0

[Event "Junior Online 4NCL Division 4"]
[Site "online"]
[Date "2020.10.29"]
[Round "6.155"]
[White "Kammin, Samuel"]
[Black "Burnton, Joshua"]
[Result "1-0"]
[WhiteElo "1697"]
[BlackElo "1202"]
[PlyCount "31"]
[EventDate "2020.10.29"]
[WhiteTeam "Farnham Fantasticos"]
[BlackTeam "Muswell Hill Knights"]

1. d4 f5 2. f4 e6 3. g3 Nf6 4. h4 Be7 5. e3 O-O 6. Nh3 Qe8 7. Nf2 c6 8. c3 b6
9. b4 Bb7 10. a3 c5 11. Rg1 cxd4 12. cxd4 Ne4 13. Bg2 Nxf2 14. Qe2 Bxg2 15.
Rxg2 Ne4 16. Qf3 1-0

[Event "Junior Online 4NCL Division 4"]
[Site "online"]
[Date "2020.10.29"]
[Round "6.156"]
[White "Dayle, Cosmo"]
[Black "Warren, Orla"]
[Result "1-0"]
[WhiteElo "1000"]
[BlackElo "1247"]
[PlyCount "77"]
[EventDate "2020.10.29"]
[WhiteTeam "Muswell Hill Knights"]
[BlackTeam "Farnham Fantasticos"]

1. e4 e6 2. d4 d5 3. e5 c5 4. Bb5+ Bd7 5. Bxd7+ Nxd7 6. dxc5 Bxc5 7. Nf3 Ne7 8.
Bg5 f6 9. exf6 gxf6 10. Bxf6 Nxf6 11. Ne5 Bd6 12. Nf3 Qa5+ 13. Nc3 Bb4 14. Qd2
Ne4 15. Qd4 Nc6 16. Qxh8+ Kd7 17. Qxa8 Bxc3+ 18. bxc3 Qxc3+ 19. Ke2 Qxa1 20.
Rxa1 Nc3+ 21. Kd2 Ne4+ 22. Ke3 Ne5 23. Nxe5+ Kd6 24. Nf7+ Ke7 25. Qxb7+ Kf6 26.
Nd8 Ke5 27. Qc7+ Kf6 28. Qf7+ Ke5 29. f4+ Kd6 30. Nb7+ Kc6 31. Qxe6+ Kxb7 32.
Qxd5+ Kb6 33. Qxe4 Kc5 34. Rd1 a6 35. Qe8 h6 36. Qc8+ Kb5 37. Rb1+ Ka5 38. Qc5+
Ka4 39. Qb4# 1-0

[Event "Junior Online 4NCL Division 4"]
[Site "online"]
[Date "2020.10.29"]
[Round "6.157"]
[White "Warnock, Oliver"]
[Black "Qiu, Calvin"]
[Result "0-1"]
[WhiteElo "1255"]
[BlackElo "932"]
[PlyCount "80"]
[EventDate "2020.10.29"]
[WhiteTeam "Farnham Fantasticos"]
[BlackTeam "Muswell Hill Knights"]

1. e4 e5 2. Nc3 Nf6 3. Nf3 Nc6 4. Bb5 a6 5. Bxc6 bxc6 6. d4 exd4 7. Qxd4 d5 8.
O-O Be7 9. Re1 O-O 10. Bg5 h6 11. Bxf6 Bxf6 12. e5 Be7 13. h3 Bf5 14. Rac1 Rb8
15. b3 f6 16. e6 Qd6 17. Ne2 Bxe6 18. Nf4 c5 19. Qe3 Rb6 20. Rcd1 d4 21. Qd2
Qd7 22. c3 g5 23. Ng6 Rf7 24. Nxe7+ Rxe7 25. Re4 Rd6 26. cxd4 cxd4 27. Rxd4 Bf5
28. Rxd6 cxd6 29. Qd5+ Be6 30. Qd4 d5 31. Qb4 Bf5 32. Rc1 Qe8 33. Nd4 Bd7 34.
Qb6 Qa8 35. Rc7 Qd8 36. Qb7 a5 37. Nc6 Bxc6 38. Qxc6 Rxc7 39. Qe6+ Rf7 40. Qb6
Qxb6 0-1

[Event "Junior Online 4NCL Division 4"]
[Site "online"]
[Date "2020.10.29"]
[Round "6.158"]
[White "Sawyer, Charlie"]
[Black "Cwajna, Harrison"]
[Result "0-1"]
[WhiteElo "925"]
[BlackElo "977"]
[PlyCount "76"]
[EventDate "2020.10.29"]
[WhiteTeam "Muswell Hill Knights"]
[BlackTeam "Farnham Fantasticos"]

1. e4 c5 2. Nf3 Nc6 3. Nc3 Nf6 4. Bc4 g6 5. Ng5 e6 6. b3 Bh6 7. Nf3 O-O 8. Bb2
b6 9. Nb5 Nxe4 10. Nc3 Nxc3 11. Bxc3 Bb7 12. d4 Bg7 13. Qd2 Qf6 14. O-O-O d5
15. Bb5 a6 16. Bxc6 Bxc6 17. Rdg1 c4 18. Qe3 b5 19. g4 g5 20. Qxg5 Qxg5+ 21.
Nxg5 Bh6 22. f4 f6 23. Nxe6 Rfe8 24. Nc7 Bxf4+ 25. Kb1 Bxc7 26. g5 f5 27. Rf1
f4 28. h4 Bd7 29. Bd2 Rf8 30. h5 Bf5 31. Bxf4 Bxf4 32. Rxf4 Bxc2+ 33. Kxc2 Rxf4
34. h6 Rg4 35. Rh5 Rf8 36. g6 Rxg6 37. Rxd5 Rxh6 38. Rd7 Rh3 0-1

[Event "Junior Online 4NCL Division 4"]
[Site "online"]
[Date "2020.10.29"]
[Round "6.161"]
[White "Sohi, Aarav"]
[Black "Richards, Hal"]
[Result "1-0"]
[WhiteElo "1150"]
[BlackElo "900"]
[PlyCount "87"]
[EventDate "2020.10.29"]
[WhiteTeam "Rovers Athletic"]
[BlackTeam "Coldfall Knights"]

1. d4 Nc6 2. c4 e5 3. d5 Bb4+ 4. Bd2 Bxd2+ 5. Nxd2 Nd4 6. e3 Nf5 7. Bd3 d6 8.
Ngf3 Nf6 9. O-O O-O 10. Bxf5 Bxf5 11. e4 Bg4 12. h3 Bxf3 13. Qxf3 c6 14. b4 c5
15. bxc5 dxc5 16. Nb3 b6 17. Rad1 a5 18. a4 b5 19. axb5 a4 20. Nxc5 a3 21. Ra1
a2 22. Na6 Qa5 23. Qe2 h5 24. Rxa2 Qb6 25. c5 Qd8 26. f4 Nxd5 27. exd5 Qxd5 28.
Rd1 Qe6 29. Nc7 Qc8 30. Rxa8 Qxc7 31. Rxf8+ Kxf8 32. Qxe5 Qe7 33. Qxe7+ Kxe7
34. c6 f5 35. b6 g5 36. c7 gxf4 37. c8=Q f3 38. Qd7+ Kf6 39. Rd6+ Kg5 40. gxf3
f4 41. Rd5+ Kh6 42. b7 h4 43. b8=Q Kg6 44. Qbd6# 1-0

[Event "Junior Online 4NCL Division 4"]
[Site "online"]
[Date "2020.10.29"]
[Round "6.162"]
[White "Samuel-Rome, Benjamin"]
[Black "Stanley, Isaac"]
[Result "0-1"]
[WhiteElo "900"]
[BlackElo "1210"]
[PlyCount "48"]
[EventDate "2020.10.29"]
[WhiteTeam "Coldfall Knights"]
[BlackTeam "Rovers Athletic"]

1. e4 e6 2. d4 d5 3. Nc3 dxe4 4. Nxe4 Nf6 5. Nxf6+ Qxf6 6. c4 Nc6 7. Nf3 Be7 8.
c5 O-O 9. Bc4 Rd8 10. Bd3 Nxd4 11. Bxh7+ Kxh7 12. Ng5+ Kg8 13. Qh5 Qe5+ 14. Be3
Nc2+ 15. Ke2 Bxg5 16. Rac1 Nxe3 17. fxe3 Qxe3+ 18. Kf1 Qxc1+ 19. Kf2 Rd2+ 20.
Kg3 Qxh1 21. Qxg5 Qxg2+ 22. Kh4 Rd4+ 23. Kh5 Qxh2+ 24. Qh4 Qxh4# 0-1

[Event "Junior Online 4NCL Division 4"]
[Site "online"]
[Date "2020.10.29"]
[Round "6.163"]
[White "Evans, Dylan"]
[Black "Haga, Viktor"]
[Result "1-0"]
[WhiteElo "1090"]
[BlackElo "900"]
[PlyCount "49"]
[EventDate "2020.10.29"]
[WhiteTeam "Rovers Athletic"]
[BlackTeam "Coldfall Knights"]

1. d4 d5 2. c4 dxc4 3. Nc3 Bd7 4. Bf4 Nc6 5. e3 Na5 6. b4 cxb3 7. axb3 Nc6 8.
Nb5 Rb8 9. Nxc7+ Qxc7 10. Bxc7 Rc8 11. Be5 e6 12. Nf3 Bb4+ 13. Nd2 Nf6 14. Bxf6
gxf6 15. Ra4 a5 16. Bb5 Na7 17. Bxd7+ Kxd7 18. Qf3 Rc1+ 19. Ke2 Rxh1 20. Qxb7+
Kd6 21. Qb6+ Nc6 22. Nc4+ Kd5 23. f3 f5 24. Qb5+ Bc5 25. Qxc5# 1-0

[Event "Junior Online 4NCL Division 4"]
[Site "online"]
[Date "2020.10.29"]
[Round "6.164"]
[White "Corrall, Ruby"]
[Black "Sohi, Sehej"]
[Result "1-0"]
[WhiteElo "900"]
[BlackElo "1000"]
[PlyCount "21"]
[EventDate "2020.10.29"]
[WhiteTeam "Coldfall Knights"]
[BlackTeam "Rovers Athletic"]

1. d4 d5 2. Bf4 e6 3. e3 Bb4+ 4. c3 Bd6 5. Bg3 Nf6 6. Bd3 O-O 7. Nd2 Nh5 8.
Qxh5 g6 9. Qh6 Bxg3 10. hxg3 Bd7 11. Qxh7# 1-0

[Event "Junior Online 4NCL Division 4"]
[Site "online"]
[Date "2020.10.29"]
[Round "6.165"]
[White "Richards, Hal"]
[Black "Sohi, Aarav"]
[Result "0-1"]
[WhiteElo "900"]
[BlackElo "1150"]
[PlyCount "94"]
[EventDate "2020.10.29"]
[WhiteTeam "Coldfall Knights"]
[BlackTeam "Rovers Athletic"]

1. e4 c6 2. Bc4 d5 3. Bb3 dxe4 4. Nc3 Nf6 5. d3 exd3 6. cxd3 Bf5 7. Bc2 g6 8.
f3 Bg7 9. g4 Be6 10. g5 Nd5 11. Nh3 Bxh3 12. Bd2 O-O 13. Qe2 Nf4 14. Bxf4 e5
15. Be3 Nd7 16. O-O-O c5 17. Nb5 Qb6 18. d4 cxd4 19. Bxd4 exd4 20. Nxd4 Bxd4
21. Qc4 Bxb2+ 22. Kb1 Be6 23. Qa4 Ba3+ 24. Bb3 Bxb3 25. axb3 Nc5 26. Qxa3 Qxb3+
27. Qxb3 Nxb3 28. Kb2 Nc5 29. Rd5 Na4+ 30. Kb3 Nb6 31. Rdd1 a5 32. Kc3 Na4+ 33.
Kb3 Nc5+ 34. Kc3 b5 35. Kd4 Nb3+ 36. Kc3 a4 37. Kb4 Rab8 38. h3 Rfc8 39. h4
Rc4+ 40. Ka3 b4+ 41. Kxa4 Nc5+ 42. Ka5 b3 43. Rb1 Nb7+ 44. Kb5 Nd6+ 45. Ka5 b2
46. h5 Rc3 47. hxg6 Ra3# 0-1

[Event "Junior Online 4NCL Division 4"]
[Site "online"]
[Date "2020.10.29"]
[Round "6.166"]
[White "Stanley, Isaac"]
[Black "Samuel-Rome, Benjamin"]
[Result "1-0"]
[WhiteElo "1210"]
[BlackElo "900"]
[PlyCount "39"]
[EventDate "2020.10.29"]
[WhiteTeam "Rovers Athletic"]
[BlackTeam "Coldfall Knights"]

1. d4 d5 2. c4 e6 3. Nc3 Bb4 4. Bf4 Nf6 5. e3 Nc6 6. Nf3 b6 7. Qa4 Bd7 8. Ne5
Nxe5 9. Qxb4 Nc6 10. Qa3 a5 11. Nb5 Ne4 12. Nxc7+ Qxc7 13. Bxc7 e5 14. Bxe5
Nxe5 15. dxe5 Rc8 16. Rc1 dxc4 17. Rxc4 Rxc4 18. Bxc4 b5 19. Bd5 Nc5 20. Qxc5
1-0

[Event "Junior Online 4NCL Division 4"]
[Site "online"]
[Date "2020.10.29"]
[Round "6.167"]
[White "Haga, Viktor"]
[Black "Evans, Dylan"]
[Result "1-0"]
[WhiteElo "900"]
[BlackElo "1090"]
[PlyCount "95"]
[EventDate "2020.10.29"]
[WhiteTeam "Coldfall Knights"]
[BlackTeam "Rovers Athletic"]

1. e4 c6 2. d4 d5 3. e5 Bf5 4. Nf3 e6 5. Bd3 Bxd3 6. Qxd3 Nd7 7. Nc3 c5 8. Nb5
a6 9. Nd6+ Bxd6 10. exd6 c4 11. Qe3 Ngf6 12. Ne5 O-O 13. b3 cxb3 14. axb3 Qb6
15. Ba3 Nxe5 16. dxe5 Qxe3+ 17. fxe3 Ne4 18. O-O Rfd8 19. Rf4 g5 20. Rf3 g4 21.
Rf4 f5 22. exf6 h5 23. Raf1 Kh8 24. f7 Rf8 25. d7 Ng5 26. Bxf8 Rxf8 27. c4 Nxf7
28. cxd5 e5 29. Rf5 Kh7 30. Rf6 Kg7 31. d8=Q Rxd8 32. Rxf7+ Kg8 33. Rxb7 Rxd5
34. Rc1 Rd8 35. b4 Kf8 36. Rc2 e4 37. Rcc7 Re8 38. Rg7 Rd8 39. Rbf7+ Ke8 40.
Re7+ Kf8 41. Rgf7+ Kg8 42. Rg7+ Kf8 43. Rh7 Kg8 44. Reg7+ Kf8 45. Kf2 Rd2+ 46.
Kg3 Rd8 47. Ra7 Ke8 48. Rh8# 1-0

[Event "Junior Online 4NCL Division 4"]
[Site "online"]
[Date "2020.10.29"]
[Round "6.168"]
[White "Sohi, Sehej"]
[Black "Corrall, Ruby"]
[Result "1-0"]
[WhiteElo "1000"]
[BlackElo "900"]
[PlyCount "21"]
[EventDate "2020.10.29"]
[WhiteTeam "Rovers Athletic"]
[BlackTeam "Coldfall Knights"]

1. e4 e5 2. Bc4 Bc5 3. Qh5 Qf6 4. d3 Qxf2+ 5. Kd1 Bb4 6. Nf3 g6 7. Qxe5+ Be7 8.
Qxh8 Kf8 9. Bh6+ Ke8 10. Qxg8+ Bf8 11. Qxf8# 1-0

[Event "Junior Online 4NCL Division 4"]
[Site "online"]
[Date "2020.10.29"]
[Round "6.171"]
[White "Marshall, Wilfred"]
[Black "Sukumar, Vishnu"]
[Result "1-0"]
[WhiteElo "887"]
[BlackElo "1000"]
[PlyCount "35"]
[EventDate "2020.10.29"]
[WhiteTeam "Barnet Knights G"]
[BlackTeam "Surbiton Juniors E"]

1. e4 e5 2. Nf3 d6 3. d4 Nf6 4. Nc3 d5 5. Nxd5 Nxe4 6. Nc3 Nxc3 7. bxc3 exd4 8.
Qxd4 Bd7 9. Ne5 Be7 10. Bc4 O-O 11. Qd5 c6 12. Qf3 Qa5 13. Bd2 Qxe5+ 14. Kf1 b5
15. Re1 Qc5 16. Bd3 Bg5 17. Qe4 Na6 18. Qxh7# 1-0

[Event "Junior Online 4NCL Division 4"]
[Site "online"]
[Date "2020.10.29"]
[Round "6.172"]
[White "Hutchison, Alec"]
[Black "Morin, Julian"]
[Result "0-1"]
[WhiteElo "925"]
[BlackElo "900"]
[PlyCount "108"]
[EventDate "2020.10.29"]
[WhiteTeam "Surbiton Juniors E"]
[BlackTeam "Barnet Knights G"]

1. e4 e5 2. Nf3 Nc6 3. Bc4 Bc5 4. Ng5 d5 5. exd5 Na5 6. d3 Nxc4 7. dxc4 Nf6 8.
O-O O-O 9. b3 Bf5 10. Bb2 Re8 11. Re1 Qd6 12. Nc3 Bb4 13. Nb5 Qd7 14. c3 Bc5
15. b4 Bd6 16. Qa4 c6 17. Nxd6 Qxd6 18. c5 Qxd5 19. Red1 Qc4 20. Qb3 Qxb3 21.
axb3 Rad8 22. h3 Bc2 23. Rxd8 Rxd8 24. Rc1 Bxb3 25. Ba3 Rd1+ 26. Rxd1 Bxd1 27.
Kf1 Bb3 28. Ne4 Nxe4 29. Ke2 Nxc3+ 30. Ke3 Nb1 31. Bb2 Kf8 32. Bxe5 Bd5 33. f3
Na3 34. Bd6+ Ke8 35. Kd4 Nc2+ 36. Ke5 Nxb4 37. Kf4 Kd7 38. g4 Nd3+ 39. Ke3 Nb2
40. Kf4 Nc4 41. Kf5 Nxd6+ 42. cxd6 Kxd6 43. f4 a5 44. Kg5 a4 45. f5 f6+ 46. Kh5
a3 47. g5 fxg5 48. Kxg5 a2 49. f6 gxf6+ 50. Kxf6 a1=Q+ 51. Kg5 Qc1+ 52. Kf6
Qf1+ 53. Kg7 Qf7+ 54. Kh6 Qg6# 0-1

[Event "Junior Online 4NCL Division 4"]
[Site "online"]
[Date "2020.10.29"]
[Round "6.173"]
[White "Thompson, Alex"]
[Black "Ong-Seng, Miles"]
[Result "0-1"]
[WhiteElo "790"]
[BlackElo "900"]
[PlyCount "92"]
[EventDate "2020.10.29"]
[WhiteTeam "Barnet Knights G"]
[BlackTeam "Surbiton Juniors E"]

1. e4 e6 2. Nf3 d5 3. e5 Nc6 4. d4 f6 5. c3 Be7 6. exf6 Nxf6 7. Bg5 Bd7 8. Bxf6
Bxf6 9. Bd3 O-O 10. O-O e5 11. dxe5 Nxe5 12. Re1 Nxd3 13. Qxd3 Re8 14. Rxe8+
Qxe8 15. Nbd2 Qe6 16. c4 dxc4 17. Qxc4 Qxc4 18. Nxc4 Bf5 19. b4 b5 20. a4 Bxa1
21. axb5 Rb8 22. Ne3 Rxb5 23. Nd4 Rxb4 24. Ndxf5 Rb1+ 25. Nf1 c5 26. Nd6 a5 27.
Nc4 a4 28. g4 Rc1 29. Na3 Bb2 30. Nb5 c4 31. Kg2 c3 32. Ne3 a3 33. Nc4 a2 34.
Nxb2 a1=Q 35. Nd3 Rb1 36. Nxc3 Qxc3 37. Nf4 Qd2 38. Kf3 Rb3+ 39. Ke4 Qxf2 40.
Nh3 Rxh3 41. Ke5 Qxh2+ 42. Ke6 Qe2+ 43. Kd7 Rd3+ 44. Kc6 Qc2+ 45. Kb5 Rb3+ 46.
Ka4 Qa2# 0-1

[Event "Junior Online 4NCL Division 4"]
[Site "online"]
[Date "2020.10.29"]
[Round "6.174"]
[White "Ciais, Dimitri P"]
[Black "Scheffel, Oliver"]
[Result "0-1"]
[WhiteElo "827"]
[BlackElo "812"]
[PlyCount "32"]
[EventDate "2020.10.29"]
[WhiteTeam "Surbiton Juniors E"]
[BlackTeam "Barnet Knights G"]

1. e4 e5 2. Nf3 Nc6 3. Bc4 Bc5 4. Nc3 Nf6 5. Ng5 O-O 6. Nxf7 Rxf7 7. Bxf7+ Kxf7
8. Nd5 Nxd5 9. Qf3+ Nf6 10. O-O Nd4 11. Qc3 d6 12. Qc4+ Be6 13. Qd3 b6 14. f4
exf4 15. g3 fxg3 16. Qxg3 Ne2+ 0-1

[Event "Junior Online 4NCL Division 4"]
[Site "online"]
[Date "2020.10.29"]
[Round "6.175"]
[White "Sukumar, Vishnu"]
[Black "Marshall, Wilfred"]
[Result "1-0"]
[WhiteElo "1000"]
[BlackElo "887"]
[PlyCount "43"]
[EventDate "2020.10.29"]
[WhiteTeam "Surbiton Juniors E"]
[BlackTeam "Barnet Knights G"]

1. e4 d6 2. Nf3 e5 3. d4 Nf6 4. Nc3 exd4 5. Nxd4 c5 6. Nf3 Nc6 7. Bd3 Bg4 8.
Be2 Qc7 9. O-O Qd8 10. h3 Bxh3 11. g3 Bxf1 12. Bxf1 Ng4 13. Bh3 Qg5 14. Nxg5
Nh6 15. Nd5 f6 16. Nc7+ Kd8 17. Nxa8 fxg5 18. Bxg5+ Ke8 19. Bxh6 gxh6 20. Qh5+
Kd8 21. Qf7 c4 22. Qd7# 1-0